| 000 | 01304nam a2200337Ia 4500 | ||
|---|---|---|---|
| 001 | ebr10660322 | ||
| 003 | CaPaEBR | ||
| 006 | m u | ||
| 007 | cr cn||||||||| | ||
| 008 | 080725s2009 nyua sb 001 0 eng d | ||
| 010 | _z 2008033119 | ||
| 020 | _z1604569360 (softcover) | ||
| 020 | _z9781604569360 (softcover) | ||
| 020 | _z9781607419099 | ||
| 040 |
_aCaPaEBR _cCaPaEBR |
||
| 035 | _a(OCoLC)430217134 | ||
| 050 | 1 | 4 |
_aTD1030 _b.K67 2009eb |
| 082 | 0 | 4 |
_a667/.20286 _222 |
| 100 | 1 | _aKoprivanac, Natalija. | |
| 245 | 1 | 0 |
_aHazardous organic pollutants in colored wastewaters _h[electronic resource] / _cNatalija Koprivanac and Hrvoje Kusic. |
| 260 |
_aNew York : _bNova Science Publishers, _cc2009. |
||
| 300 |
_aviii, 81 p. : _bill. |
||
| 504 | _aIncludes bibliographical references (p. [59-72) and index. | ||
| 533 |
_aElectronic reproduction. _bPalo Alto, Calif. : _cebrary, _d2013. _nAvailable via World Wide Web. _nAccess may be limited to ebrary affiliated libraries. |
||
| 650 | 0 | _aHazardous wastes. | |
| 650 | 0 | _aOrganic water pollutants. | |
| 655 | 7 |
_aElectronic books. _2local |
|
| 700 | 1 | _aKusic, Hrvoje. | |
| 710 | 2 | _aebrary, Inc. | |
| 856 | 4 | 0 |
_uhttp://site.ebrary.com/lib/rucke/Doc?id=10660322 _zAn electronic book accessible through the World Wide Web; click to view |
| 999 |
_c66702 _d66702 |
||